[Event "56th TCh-DEN Ex 2017-18"]
[Site "Denmark DEN"]
[Date "2018.03.11"]
[Round "9.2"]
[Board "1"]
[White "Hagen, Andreas Skytte"]
[Black "Hillarp Persson, Tiger"]
[Result "1/2-1/2"]
[WhiteTitle "IM"]
[BlackTitle "GM"]
[WhiteElo "2383"]
[BlackElo "2531"]
[WhiteTeam "Aarhus/Skolerne"]
[BlackTeam "Bronshoj"]
[WhiteFideId "1407341"]
[BlackFideId "1700812"]
[EventDate "2017.11.18"]

1. e4 c5 2. Nf3 e6 3. d4 cxd4 4. Nxd4 a6 5. Bd3 Bc5 6. Nb3 Be7 7. Qg4 g6 8. Qe2
d6 9. O-O Nd7 10. Na3 b6 11. Nc4 Bb7 12. a4 Ngf6 13. Bh6 Qc7 14. a5 b5 15. Nb6
Nxb6 16. axb6 Qxb6 17. Na5 Nd7 18. c4 b4 19. e5 Nc5 20. exd6 Bxd6 21. Bg7 O-O-O
22. Nxb7 Qxb7 23. Bxh8 Rxh8 24. Qe3 Qc7 25. g3 Be5 26. Rfd1 Bxb2 27. Rab1 Bc3
28. Bf1 Rd8 29. Bg2 Rxd1+ 30. Rxd1 Kb8 31. h4 Ka7 32. Rd7 Qxd7 33. Qxc5+ Kb8 34.
Qf8+ Kc7 35. Qc5+ Kd8 36. Qf8+ Qe8 37. Qd6+ Qd7 38. Qf8+ Qe8 1/2-1/2

[Event "56th TCh-DEN Ex 2017-18"]
[Site "Denmark DEN"]
[Date "2018.03.11"]
[Round "9.2"]
[Board "2"]
[White "Bromann, Thorbjorn"]
[Black "Sorensen, Jan"]
[Result "1/2-1/2"]
[WhiteTitle "IM"]
[BlackTitle "IM"]
[WhiteElo "2387"]
[BlackElo "2420"]
[WhiteTeam "Bronshoj"]
[BlackTeam "Aarhus/Skolerne"]
[WhiteFideId "1403893"]
[BlackFideId "1400150"]
[EventDate "2017.11.18"]

1. d4 e6 2. Nf3 Nf6 3. Bg5 c5 4. e3 h6 5. Bh4 cxd4 6. exd4 b6 7. Nbd2 Bb7 8. Bd3
Be7 9. Bxf6 Bxf6 10. Qe2 d6 11. O-O-O Nd7 12. Kb1 a6 13. h4 b5 14. g4 Be7 15. g5
Nf8 16. Rhg1 hxg5 17. hxg5 g6 18. Ne4 Qc7 19. Rh1 Rg8 20. Qe3 O-O-O 21. Qf4 d5
22. Qxc7+ Kxc7 23. Nf6 Bxf6 24. gxf6 Bc6 25. Ne5 Be8 26. f4 Nd7 27. Ng4 Nf8 28.
Rh2 Nd7 29. Rdh1 Nb6 30. Rh7 Nc8 31. Rg7 Rf8 32. Bxg6 Nd6 33. Ne5 Kb6 34. Bd3 b4
35. Kc1 a5 36. Kd2 Rc8 37. Rhh7 Rd8 38. Ke3 Rc8 39. Rg2 Bb5 40. Rgg7 Be8 41. f5
exf5 42. Kf4 a4 43. Rh2 Rc7 44. Bxf5 Bb5 45. Rg3 Ne8 46. a3 Ka5 47. axb4+ Kxb4
48. c3+ Ka5 49. Rh6 Rb7 50. Bd3 Nd6 51. Bb1 Be8 52. Rg2 a3 53. b4+ Ka4 54. Bc2+
Kb5 55. Bb3 Rc7 56. Rh3 Ne4 57. Rc2 Nxf6 58. Kf5 Ng8 59. Ra2 f6 60. Ng4 Ne7+ 61.
Kf4 Ra7 62. Ne3 Bf7 63. Nc2 Rfa8 64. Rh1 Bg6 65. Rha1 Bxc2 66. Rxc2 Rh8 67. Kg3
Nf5+ 68. Kf4 Ne7 69. Kg3 Nf5+ 70. Kf4 Ne7 71. Kg3 1/2-1/2

[Event "56th TCh-DEN Ex 2017-18"]
[Site "Denmark DEN"]
[Date "2018.03.11"]
[Round "9.2"]
[Board "4"]
[White "Pilgaard, Kim"]
[Black "Rasmussen, Karsten"]
[Result "1-0"]
[WhiteTitle "IM"]
[BlackTitle "IM"]
[WhiteElo "2381"]
[BlackElo "2440"]
[WhiteTeam "Bronshoj"]
[BlackTeam "Aarhus/Skolerne"]
[WhiteFideId "1400657"]
[BlackFideId "1400088"]
[EventDate "2017.11.18"]

1. e4 c6 2. d4 d5 3. e5 Bf5 4. h4 h5 5. Bd3 Bxd3 6. Qxd3 Qa5+ 7. Nc3 e6 8. Ne2
Qa6 9. Qf3 Ne7 10. Bg5 Nd7 11. O-O Nf5 12. Rfe1 Be7 13. Bxe7 Kxe7 14. Qf4 Rag8
15. Ng3 g6 16. Qg5+ Ke8 17. Nce2 Qb6 18. c3 Qd8 19. Qxd8+ Kxd8 20. Nxf5 gxf5 21.
Nf4 Nf8 22. Nh3 Ke7 23. g3 Ng6 24. Ng5 a5 25. a4 Ra8 26. b4 axb4 27. cxb4 Ra7
28. a5 Rha8 29. Rac1 Nf8 30. Kg2 Nd7 31. Rc3 Nb8 32. Rb1 b6 33. b5 bxa5 34. bxc6
Na6 35. Rb7+ Nc7 36. Ra3 Rxb7 37. cxb7 Rb8 38. Rxa5 Rxb7 39. Ra4 f6 40. Nh7 fxe5
41. dxe5 Nb5 42. Rb4 d4 43. Rb3 Kd7 44. Nf8+ Kc6 45. Nxe6 Re7 46. Nf4 Rxe5 47.
Nxh5 Kc5 48. Nf4 Kc4 49. Rd3 Nc3 50. Rf3 Ne4 51. h5 Ra5 52. Nd3 Ng5 53. Nb2+ Kb4
54. Rd3 Kc5 55. Rd1 Ra6 56. Rc1+ Kd5 57. Nd3 Rh6 58. Nf4+ Kd6 59. Ra1 Ke5 60.
Re1+ Kd6 61. Re8 Kd7 62. Re5 Rd6 63. Rxf5 Ne6 64. Nd3 Ke7 65. Ra5 Kf6 66. f4 Ng7
67. g4 Rb6 68. g5+ Kf7 69. Ra7+ Kg8 70. h6 Nf5 71. Ra5 Ne3+ 72. Kf3 Nc4 73. Ra8+
Kh7 74. Ra7+ Kg6 75. Rd7 Nd2+ 76. Kg4 1-0

[Event "56th TCh-DEN Ex 2017-18"]
[Site "Denmark DEN"]
[Date "2018.03.11"]
[Round "9.2"]
[Board "5"]
[White "Christensen, Tobias"]
[Black "Hoi, Carsten"]
[Result "1/2-1/2"]
[WhiteTitle "IM"]
[BlackTitle "GM"]
[WhiteElo "2352"]
[BlackElo "2354"]
[WhiteTeam "Aarhus/Skolerne"]
[BlackTeam "Bronshoj"]
[WhiteFideId "1400673"]
[BlackFideId "1400100"]
[EventDate "2017.11.18"]

1. e4 g6 2. d4 Bg7 3. Nc3 d6 4. f4 Nf6 5. Nf3 O-O 6. e5 dxe5 7. dxe5 Qxd1+ 8.
Kxd1 Nh5 9. Ke2 Nc6 10. Kf2 f6 11. Bc4+ Kh8 12. e6 Na5 13. Bd3 f5 14. Bd2 Bxe6
15. Nb5 Nc4 16. Nxc7 Nxd2 17. Nxe6 Ne4+ 18. Bxe4 fxe4 19. Nxf8 Rxf8 20. Ng5 Bd4+
21. Ke1 Bxb2 22. Rb1 Bc3+ 23. Kf2 Bd4+ 24. Ke1 Bc3+ 25. Kf2 Bd4+ 26. Ke1 Bc3+ 1/2-1/2

[Event "56th TCh-DEN Ex 2017-18"]
[Site "Denmark DEN"]
[Date "2018.03.11"]
[Round "9.2"]
[Board "6"]
[White "Palm, Nikolaj"]
[Black "Vinter-Schou, Uffe"]
[Result "1/2-1/2"]
[WhiteTitle "FM"]
[BlackTitle "IM"]
[WhiteElo "2319"]
[BlackElo "2336"]
[WhiteTeam "Bronshoj"]
[BlackTeam "Aarhus/Skolerne"]
[WhiteFideId "1402145"]
[BlackFideId "1400568"]
[EventDate "2017.11.18"]

1. d4 Nf6 2. Nf3 c5 3. e3 g6 4. Be2 Bg7 5. O-O O-O 6. c4 cxd4 7. exd4 d5 8. Nc3
Nc6 9. h3 Be6 10. c5 Ne4 11. Be3 Qa5 12. a3 Rfd8 13. Nb5 Rd7 14. b4 Qd8 15. Qb3
b6 1/2-1/2

[Event "56th TCh-DEN Ex 2017-18"]
[Site "Denmark DEN"]
[Date "2018.03.11"]
[Round "9.2"]
[Board "7"]
[White "Ochsner, Thomas"]
[Black "Laursen, Niels Norskov"]
[Result "0-1"]
[BlackTitle "FM"]
[WhiteElo "2301"]
[BlackElo "2304"]
[WhiteTeam "Aarhus/Skolerne"]
[BlackTeam "Bronshoj"]
[WhiteFideId "1400711"]
[BlackFideId "1404709"]
[EventDate "2017.11.18"]

1. e4 d6 2. d4 Nf6 3. Nc3 g6 4. Nf3 Bg7 5. Be2 O-O 6. O-O Bg4 7. Be3 Nc6 8. Nd2
Bxe2 9. Qxe2 e5 10. d5 Ne7 11. Nc4 b5 12. Nxb5 Nxe4 13. Rfd1 f5 14. Na5 a6 15.
Na7 f4 16. N7c6 Nxc6 17. Nxc6 Qh4 18. g3 fxg3 19. fxg3 Nxg3 20. Qg2 Nf5 21. Bg5
Qh5 22. Rd3 Bf6 23. Bxf6 Rxf6 24. Kh1 Raf8 25. Rg1 Nh4 26. Qh3 Kh8 27. Rdg3 Rf2
28. Ne7 R2f6 29. Rg4 Rf4 30. Rxg6 hxg6 31. Nxg6+ Kh7 0-1

[Event "56th TCh-DEN Ex 2017-18"]
[Site "Denmark DEN"]
[Date "2018.03.11"]
[Round "9.2"]
[Board "8"]
[White "Greger, Roland Reinhard"]
[Black "Rendboe, John Filip"]
[Result "1/2-1/2"]
[BlackTitle "FM"]
[WhiteElo "2298"]
[BlackElo "2127"]
[WhiteTeam "Bronshoj"]
[BlackTeam "Aarhus/Skolerne"]
[WhiteFideId "1401530"]
[BlackFideId "1403664"]
[EventDate "2017.11.18"]

1. e4 c5 2. Nf3 Nc6 3. c3 d5 4. exd5 Qxd5 5. d4 e6 6. Bd3 Nf6 7. O-O Be7 8. dxc5
Bxc5 9. Qe2 Qh5 10. Bf4 O-O 11. b4 Be7 12. a4 Nd5 13. Bd2 Bf6 14. Ra3 Ne5 15.
Nxe5 Qxe2 16. Bxe2 Bxe5 17. c4 Nf6 18. Bf3 Bd4 19. Nc3 a6 20. a5 Re8 21. b5 e5
22. Nd5 Nxd5 23. Bxd5 axb5 24. cxb5 Rd8 25. Bc4 Bb2 26. Rd3 1/2-1/2

[Event "56th TCh-DEN Ex 2017-18"]
[Site "Denmark DEN"]
[Date "2018.03.11"]
[Round "9.3"]
[Board "1"]
[White "Teplyi, Igor"]
[Black "Thybo, Jesper Sondergaard"]
[Result "1/2-1/2"]
[WhiteTitle "IM"]
[BlackTitle "IM"]
[WhiteElo "2412"]
[BlackElo "2472"]
[WhiteTeam "Nordre"]
[BlackTeam "Jetsmark"]
[WhiteFideId "1413767"]
[BlackFideId "1438832"]
[EventDate "2017.11.18"]

1. d4 Nf6 2. c4 e6 3. Nf3 d5 4. Nc3 Bb4 5. e3 O-O 6. Bd3 b6 7. O-O Bb7 8. cxd5
exd5 9. Bd2 a6 10. Rc1 Bd6 11. Ne5 c5 12. f4 Nc6 13. Ne2 Ne7 14. Bc3 c4 15. Bb1
b5 16. Ng3 Ne4 17. Qf3 f6 18. Ng4 Qd7 19. Nf2 Nxf2 20. Rxf2 b4 21. Bd2 f5 22.
Ne2 a5 23. Kh1 a4 24. Rg1 a3 25. bxa3 Rxa3 26. Bc1 Ra5 27. g4 Rf7 28. Rfg2 Bc8
29. gxf5 Nxf5 30. Rg5 Bf8 31. Ng3 Nxg3+ 32. Qxg3 Ra6 33. Rh5 h6 34. Qg2 b3 35.
axb3 cxb3 36. Qe2 Re7 37. Qd3 g6 38. Qxb3 Qb7 39. Qxb7 Rxb7 40. Bxg6 Rg7 41. f5
Bxf5 42. Bxf5 Rxg1+ 43. Kxg1 Ra1 44. Be6+ Kg7 45. Rf5 Ba3 46. Rf1 Bxc1 47. Kg2
Ra6 48. Rxc1 Rxe6 49. Kf3 Rf6+ 50. Kg4 Re6 51. Kf4 Re4+ 52. Kf3 Rh4 53. Rc5 Rh3+
54. Kf4 Rh5 55. Kg3 Rg5+ 56. Kf3 Rf5+ 57. Ke2 Kf7 58. Kd3 Ke7 59. Ra5 Rh5 60.
Ra2 Rh3 61. Rg2 Ke6 62. Rg6+ Ke7 63. Rg2 Ke6 64. Rf2 Ke7 65. Ra2 Ke6 66. Ra6+
Ke7 67. Ra5 Ke6 68. Ra6+ 1/2-1/2

[Event "56th TCh-DEN Ex 2017-18"]
[Site "Denmark DEN"]
[Date "2018.03.11"]
[Round "9.3"]
[Board "2"]
[White "Rasmussen, Allan Stig"]
[Black "Petersen, Tom Petri"]
[Result "1-0"]
[WhiteTitle "GM"]
[BlackTitle "FM"]
[WhiteElo "2540"]
[BlackElo "2293"]
[WhiteTeam "Jetsmark"]
[BlackTeam "Nordre"]
[WhiteFideId "1406000"]
[BlackFideId "1403486"]
[EventDate "2017.11.18"]

1. d4 g6 2. e4 Bg7 3. Nc3 d6 4. Be3 a6 5. Qd2 b5 6. f3 Nd7 7. h4 h5 8. Nh3 c5 9.
Ng5 cxd4 10. Bxd4 Ngf6 11. a4 bxa4 12. Bc4 O-O 13. g4 e5 14. Be3 Nb6 15. Ba2 a3
16. gxh5 axb2 17. Rd1 Nxh5 18. Qxd6 Qxd6 19. Rxd6 Nd7 20. Kd2 Ndf6 21. Rb1 Rb8
22. Na4 Nf4 23. Rxb2 Rxb2 24. Nxb2 Ne6 25. Nd3 Ne8 26. Rc6 N8c7 27. Nc5 Nxg5 28.
hxg5 Rd8+ 29. Kc1 Nb5 30. Nd3 Bf8 31. Rxg6+ Kh7 32. Bxf7 Be7 33. Rc6 Kg7 34. Bh5
Ba3+ 35. Kd2 Nd6 36. Rc7+ Kg8 37. Ke2 Bb2 38. Nxb2 1-0

[Event "56th TCh-DEN Ex 2017-18"]
[Site "Denmark DEN"]
[Date "2018.03.11"]
[Round "9.3"]
[Board "3"]
[White "Olsen, Filip Boe"]
[Black "Jensen, Bjarke"]
[Result "1/2-1/2"]
[WhiteTitle "FM"]
[BlackTitle "FM"]
[WhiteElo "2267"]
[BlackElo "2319"]
[WhiteTeam "Nordre"]
[BlackTeam "Jetsmark"]
[WhiteFideId "1440640"]
[BlackFideId "1403702"]
[EventDate "2017.11.18"]

1. d4 d5 2. c4 c6 3. Nf3 Nf6 4. e3 e6 5. b3 Nbd7 6. Bd3 Bd6 7. Bb2 O-O 8. O-O b6
9. Nbd2 Bb7 10. Ne5 Qe7 11. cxd5 exd5 12. f4 Rfe8 13. Qf3 Bb4 14. Rf2 Bxd2 15.
Rxd2 Ne4 16. Rc2 Nb8 17. Bxe4 dxe4 18. Qh3 f6 19. Nc4 Na6 20. Ba3 c5 21. Rd1 b5
22. Nd2 b4 23. Bb2 Rad8 24. Rdc1 Rd5 25. Qg3 Red8 26. Nf1 Bc6 27. a4 Be8 28. Qe1
cxd4 29. Bxd4 Qb7 30. Nd2 R5d7 31. Nc4 Qd5 32. Rd2 Qe6 33. Bxa7 Rd3 34. Rcd1
Bxa4 35. bxa4 Qxc4 36. Bd4 b3 37. Rc1 Qxa4 38. Rxd3 exd3 39. Qc3 Qb5 40. Rb1 Rb8
41. Rb2 Kf7 42. Kf2 Rb7 43. Ke1 Nc7 44. Kd2 Qd5 45. Kxd3 Ne6 46. Qc4 Qh5 1/2-1/2

[Event "56th TCh-DEN Ex 2017-18"]
[Site "Denmark DEN"]
[Date "2018.03.11"]
[Round "9.3"]
[Board "4"]
[White "Thogersen, Rasmus"]
[Black "Veng, Johnni"]
[Result "1-0"]
[BlackTitle "FM"]
[WhiteElo "2251"]
[BlackElo "2255"]
[WhiteTeam "Jetsmark"]
[BlackTeam "Nordre"]
[WhiteFideId "1431412"]
[BlackFideId "1408623"]
[EventDate "2017.11.18"]

1. e4 c5 2. Nf3 Nc6 3. d4 cxd4 4. Nxd4 Nf6 5. Nc3 e5 6. Ndb5 d6 7. Bg5 a6 8. Na3
Be6 9. Nc4 Rb8 10. a4 h6 11. Bxf6 Qxf6 12. Nd5 Bxd5 13. exd5 Na7 14. Bd3 g6 15.
O-O Be7 16. Qd2 Nc8 17. f4 exf4 18. Rxf4 Qg5 19. Raf1 O-O 20. Qf2 f5 21. h4 Qf6
22. h5 gxh5 23. Rxf5 Qg7 24. Qe3 b5 25. Qe6+ Kh8 26. Rxf8+ Bxf8 27. Rf7 1-0

[Event "56th TCh-DEN Ex 2017-18"]
[Site "Denmark DEN"]
[Date "2018.03.11"]
[Round "9.3"]
[Board "5"]
[White "Sloth, Jorn"]
[Black "Christensen, Stefan"]
[Result "1/2-1/2"]
[WhiteTitle "FM"]
[BlackTitle "FM"]
[WhiteElo "2295"]
[BlackElo "2278"]
[WhiteTeam "Nordre"]
[BlackTeam "Jetsmark"]
[WhiteFideId "1400240"]
[BlackFideId "1404148"]
[EventDate "2017.11.18"]

1. c4 Nf6 2. Nf3 b6 3. g3 Bb7 4. Bg2 e6 5. d4 Be7 6. Nc3 Ne4 7. Bd2 Bf6 8. Qc2
Nxd2 9. Qxd2 O-O 10. e4 c5 11. d5 exd5 12. exd5 Re8+ 13. Kf1 Ba6 14. Qd3 Bxc3
15. bxc3 d6 16. Bh3 Nd7 17. Kg2 Ne5 18. Nxe5 Rxe5 19. f4 Re7 20. Rhe1 Qc7 21.
Kf2 Rae8 22. Bg4 g6 23. a4 Qd8 24. Rxe7 Rxe7 25. Ra2 Qe8 26. Bd1 Qd7 27. Re2
Rxe2+ 28. Qxe2 Qf5 29. Bc2 Qf6 30. Qd3 Kf8 31. Ke1 h5 32. h4 Qe7+ 33. Kd2 Qd7
34. Kc1 Qh3 35. Kb2 Bc8 36. Qe3 Qg2 37. Kb3 Bd7 38. Bd1 a6 39. Be2 Qh1 40. Kb2
Bxa4 41. f5 gxf5 42. Qh6+ Ke8 43. Qxd6 Qe4 44. Qb8+ Ke7 45. Qc7+ Ke8 46. Qc8+
Ke7 47. Qc7+ Ke8 1/2-1/2

[Event "56th TCh-DEN Ex 2017-18"]
[Site "Denmark DEN"]
[Date "2018.03.11"]
[Round "9.3"]
[Board "6"]
[White "Rosenkilde, Alexander"]
[Black "Christensen, Jan"]
[Result "1/2-1/2"]
[WhiteElo "2216"]
[BlackElo "2180"]
[WhiteTeam "Jetsmark"]
[BlackTeam "Nordre"]
[WhiteFideId "1408488"]
[BlackFideId "1400916"]
[EventDate "2017.11.18"]

1. d4 Nf6 2. c4 c5 3. d5 b5 4. cxb5 a6 5. bxa6 g6 6. Nc3 Bg7 7. Nf3 O-O 8. g3 d6
9. Bg2 Nxa6 10. O-O Qa5 11. Bd2 Nc7 12. Qc2 Bb7 13. Rab1 Qa7 14. e4 Nd7 15. b3
Qa3 16. Rfe1 Rfb8 17. Na4 Ba6 18. Bc1 Qb4 19. Bd2 Qa3 20. Bc1 Qb4 21. Bd2 1/2-1/2

[Event "56th TCh-DEN Ex 2017-18"]
[Site "Denmark DEN"]
[Date "2018.03.11"]
[Round "9.3"]
[Board "7"]
[White "Klitgaard, Thomas"]
[Black "Rathlev, Jakob"]
[Result "1/2-1/2"]
[BlackTitle "CM"]
[WhiteElo "2195"]
[BlackElo "2218"]
[WhiteTeam "Nordre"]
[BlackTeam "Jetsmark"]
[WhiteFideId "1408267"]
[BlackFideId "1405284"]
[EventDate "2017.11.18"]

1. Nf3 d5 2. c4 c6 3. g3 Nf6 4. Bg2 Bg4 5. Qb3 Qb6 6. d3 e6 7. Be3 Qxb3 8. axb3
a6 9. h3 Bxf3 10. Bxf3 Nbd7 11. O-O Bd6 12. Nc3 O-O 13. d4 h6 14. Bd2 Rad8 15.
g4 Bb8 16. Rfd1 Nb6 17. Na4 Nxa4 18. bxa4 dxc4 19. g5 hxg5 20. Bxg5 Rd7 21. Bxf6
gxf6 22. e3 Rfd8 23. Rdc1 e5 24. dxe5 Bxe5 25. Rab1 Rd2 26. Rxc4 Rxb2 27. Rxb2
Bxb2 28. Rb4 Bc3 29. Rxb7 c5 30. Be2 a5 31. Bc4 Rf8 32. Rc7 Bb4 33. Kg2 Kg7 34.
Kg3 Kg6 35. e4 Ba3 36. Kg4 Bb4 37. h4 Ba3 38. h5+ Kg7 39. f4 Bb2 40. Rxc5 Re8
41. Bd5 Re7 42. Rxa5 Bd4 43. Rb5 Ra7 44. Rb7 Rxa4 45. Bxf7 Ra7 46. Rb4 Bc3 47.
Rb3 Bd4 48. Bd5 Ra1 49. Kf5 Kh6 50. Rb4 Bc3 51. Rb8 Rf1 52. Rh8+ Kg7 53. Rg8+
Kh7 54. Rg2 Be5 55. Rg4 Kh6 56. Bf7 Kh7 57. Bg6+ Kh6 58. Rh4 Rf2 59. Rg4 Rf1 60.
Ke6 Rxf4 61. Rxf4 Bxf4 62. Kxf6 Bh2 63. e5 Bxe5+ 64. Kxe5 1/2-1/2

[Event "56th TCh-DEN Ex 2017-18"]
[Site "Denmark DEN"]
[Date "2018.03.11"]
[Round "9.3"]
[Board "8"]
[White "Wilbrandt, Simon Pil"]
[Black "Hoiberg, Nina"]
[Result "1-0"]
[BlackTitle "WIM"]
[WhiteElo "2115"]
[BlackElo "2148"]
[WhiteTeam "Jetsmark"]
[BlackTeam "Nordre"]
[WhiteFideId "1436988"]
[BlackFideId "1400720"]
[EventDate "2017.11.18"]

1. d4 d6 2. Nf3 Bg4 3. c4 Bxf3 4. exf3 c6 5. Nc3 Nf6 6. Be2 e6 7. Be3 d5 8. O-O
Nbd7 9. f4 dxc4 10. Bxc4 Nb6 11. Bd3 g6 12. Qf3 Nbd5 13. Rad1 Qc7 14. Rfe1 Be7
15. Rc1 Rd8 16. Kh1 h5 17. h3 Qb8 18. g3 Kf8 19. Kg2 Bd6 20. Bc4 Bc7 21. Ne2 Kg7
22. a3 a5 23. Rc2 Rd7 24. Nc1 h4 25. Ne2 hxg3 26. fxg3 Nxe3+ 27. Qxe3 Nd5 28.
Bxd5 Rxd5 29. Nc3 Rdh5 30. Rh1 Rd8 31. Rd1 Qa7 32. g4 Rhh8 33. Qe4 Qb8 34. Rf2
Rhe8 35. Ne2 f5 36. Qc2 Rd5 37. Nc3 Rd7 38. Ne2 Qd8 39. Rf3 Bb6 40. Rfd3 Qh4 41.
Rg3 Qf6 42. Qb3 Ba7 43. g5 Qd8 44. Re3 Qb6 45. Qc3 Rd5 46. Re5 Rxe5 47. fxe5 Qd8
48. h4 Qd5+ 49. Qf3 Qxf3+ 50. Kxf3 Rh8 51. Rh1 c5 52. dxc5 Bxc5 53. Rc1 Bb6 54.
Nf4 Rxh4 55. Nxe6+ Kf7 56. Nf4 Rh2 57. e6+ Ke7 58. Nd5+ Kxe6 59. Nxb6 Rxb2 60.
Re1+ Kf7 61. Nc4 Rb3+ 62. Re3 a4 63. Kf4 Rxe3 64. Kxe3 Ke6 65. Nb2 b5 66. Nd3
Kd5 67. Nf4+ Kc4 68. Nxg6 b4 69. Kd2 bxa3 70. Kc2 Kd5 71. Nf4+ 1-0

[Event "56th TCh-DEN Ex 2017-18"]
[Site "Denmark DEN"]
[Date "2018.03.11"]
[Round "9.4"]
[Board "1"]
[White "Jahncke, Giso"]
[Black "Hansen, Sune Berg"]
[Result "0-1"]
[WhiteTitle "FM"]
[BlackTitle "GM"]
[WhiteElo "2352"]
[BlackElo "2580"]
[WhiteTeam "BOV"]
[BlackTeam "Hillerod"]
[WhiteFideId "24608289"]
[BlackFideId "1400266"]
[EventDate "2017.11.18"]

1. Nf3 c5 2. c4 Nf6 3. d4 cxd4 4. Nxd4 Nc6 5. Nc3 Qb6 6. Nb3 e6 7. a3 Be7 8. e4
O-O 9. Be3 Qc7 10. f4 b6 11. Rc1 Bb7 12. Bd3 Rac8 13. O-O d6 14. g4 Rfe8 15. Nd2
Bf8 16. g5 Nd7 17. b4 a5 18. b5 Ncb8 19. Nb3 Qd8 20. Rc2 g6 21. Qf3 Bg7 22. Rfc1
f6 23. h4 Qe7 24. Qf2 Rf8 25. Qh2 Rf7 26. Na4 fxg5 27. hxg5 Rcf8 28. Rf2 Nc5 29.
Nbxc5 bxc5 30. Rcf1 Nd7 31. Qh3 Re8 32. Rh2 Nf8 33. e5 Rc8 34. Qg3 Nd7 35. exd6
Qxd6 36. Rd2 Bd4 37. Bc2 Rcf8 38. Bxd4 cxd4 39. Rdf2 Rc8 40. Qd3 e5 41. c5 Nxc5
42. Nxc5 Rxc5 43. Bb3 Bd5 44. fxe5 Qxe5 45. Bxd5 Qxd5 46. Rxf7 Qxg5+ 47. Kf2
Kxf7 48. Ke2+ Kg7 49. a4 Qe5+ 50. Kd1 Rc3 0-1

[Event "56th TCh-DEN Ex 2017-18"]
[Site "Denmark DEN"]
[Date "2018.03.11"]
[Round "9.4"]
[Board "2"]
[White "Schandorff, Lars"]
[Black "Xu, Xianliang"]
[Result "1/2-1/2"]
[WhiteTitle "GM"]
[BlackTitle "FM"]
[WhiteElo "2490"]
[BlackElo "2397"]
[WhiteTeam "Hillerod"]
[BlackTeam "BOV"]
[WhiteFideId "1400070"]
[BlackFideId "4603230"]
[EventDate "2017.11.18"]

1. d4 Nf6 2. Nf3 c5 3. d5 e6 4. Nc3 exd5 5. Nxd5 Nxd5 6. Qxd5 Nc6 7. c3 Be7 8.
e4 d6 9. Bc4 Be6 10. Qd3 O-O 11. O-O Ne5 12. Nxe5 dxe5 13. Qxd8 Raxd8 14. Bxe6
fxe6 15. Be3 Rd3 16. Rfd1 Rfd8 17. Rxd3 Rxd3 18. Kf1 Kf7 19. Ke2 Rd7 20. h4 h5
21. g3 a6 22. a4 c4 23. a5 Rd6 24. Ba7 Rc6 25. Ra4 Kf6 26. Bb6 Rc8 27. Kd2 Kf7
28. Kc2 Kf6 29. Kd2 Kf7 30. Kc2 Kf6 31. Ra1 Bc5 32. Bxc5 Rxc5 33. Ra4 g5 34.
hxg5+ Kxg5 35. Rb4 Rc7 36. Kd2 h4 37. gxh4+ Kxh4 38. Rb6 Kg5 39. Rxe6 Kf4 40. f3
Kxf3 41. Rxe5 Kf4 42. Rh5 Kxe4 43. Kc2 Rc6 44. Rh7 b6 45. axb6 Rxb6 46. Rd7 Rc6
47. Kb1 Ke5 48. Ka2 Rc5 49. Ka3 Ra5+ 50. Kb4 Rb5+ 51. Kxc4 Rxb2 52. Kc5 Rb5+ 53.
Kc6 Rb8 54. Re7+ Kf5 55. c4 Rc8+ 56. Kd5 Rd8+ 57. Kc5 Rc8+ 58. Kd4 Rd8+ 59. Kc3
Rc8 60. Ra7 Ke6 61. Rxa6+ Kd7 62. Kb4 Rc6 63. Ra7+ Kc8 64. Kb5 Rh6 65. c5 Rg6
66. Rh7 Rf6 67. Rg7 Rh6 68. Rf7 1/2-1/2

[Event "56th TCh-DEN Ex 2017-18"]
[Site "Denmark DEN"]
[Date "2018.03.11"]
[Round "9.4"]
[Board "3"]
[White "Krause, Jonah"]
[Black "Borge, Nikolaj"]
[Result "1/2-1/2"]
[WhiteTitle "FM"]
[BlackTitle "IM"]
[WhiteElo "2366"]
[BlackElo "2392"]
[WhiteTeam "BOV"]
[BlackTeam "Hillerod"]
[WhiteFideId "12907910"]
[BlackFideId "1400312"]
[EventDate "2017.11.18"]

1. d4 Nf6 2. c4 g6 3. Nc3 Bg7 4. e4 d6 5. Nf3 O-O 6. Be2 e5 7. O-O Nc6 8. d5 Ne7
9. b4 Ne8 10. c5 f5 11. Nd2 Kh8 12. f3 Bh6 13. Nc4 Bxc1 14. Rxc1 f4 15. a4 Ng8
16. b5 Ngf6 17. a5 b6 18. axb6 axb6 19. cxb6 cxb6 20. Ra1 Rxa1 21. Qxa1 Rf7 22.
Qa8 Rb7 23. Qa3 Qc7 24. Ra1 Nd7 25. Kh1 Nc5 26. Qb2 Ra7 27. Rxa7 Qxa7 28. Qa3
Qb8 29. Na4 Nxa4 30. Qxa4 Kg8 31. Qa1 Bd7 32. Qa6 Nc7 33. Qxb6 Qxb6 34. Nxb6
Bxb5 35. Bxb5 Nxb5 36. g3 g5 37. Kg2 Kf7 38. Nc4 h5 39. gxf4 exf4 40. h3 1/2-1/2

[Event "56th TCh-DEN Ex 2017-18"]
[Site "Denmark DEN"]
[Date "2018.03.11"]
[Round "9.4"]
[Board "4"]
[White "Larsen, Steen Skovlund"]
[Black "Hoefelsauer, Thomas"]
[Result "0-1"]
[WhiteTitle "FM"]
[BlackTitle "FM"]
[WhiteElo "2317"]
[BlackElo "2348"]
[WhiteTeam "Hillerod"]
[BlackTeam "BOV"]
[WhiteFideId "1400703"]
[BlackFideId "24668842"]
[EventDate "2017.11.18"]

1. d4 Nf6 2. c4 c5 3. d5 b5 4. cxb5 a6 5. e3 Bb7 6. Nc3 Qa5 7. Bd2 axb5 8. Bxb5
Qb6 9. Qb3 e6 10. Bc4 Qxb3 11. Bxb3 exd5 12. Nge2 Na6 13. O-O Nc7 14. Rfd1 Bd6
15. Be1 O-O 16. f3 Rfe8 17. Bf2 Bc6 18. Rd2 Be5 19. Rc1 Rab8 20. Ng3 c4 21. Bc2
d4 22. exd4 Bf4 23. Rcd1 Bxd2 24. Rxd2 Ncd5 25. Nd1 g6 26. Ne2 Re6 27. h3 Rbe8
28. Kf1 Nh5 29. Nec3 Nhf4 30. Ne4 f5 31. Nec3 Nb4 32. Bb1 Nbd3 33. g3 Re1+ 0-1

[Event "56th TCh-DEN Ex 2017-18"]
[Site "Denmark DEN"]
[Date "2018.03.11"]
[Round "9.4"]
[Board "5"]
[White "Schwarz, Frank"]
[Black "Ostergaard, Jens"]
[Result "0-1"]
[BlackTitle "FM"]
[WhiteElo "2237"]
[BlackElo "2220"]
[WhiteTeam "BOV"]
[BlackTeam "Hillerod"]
[WhiteFideId "4658035"]
[BlackFideId "1400606"]
[EventDate "2017.11.18"]

1. c4 Nf6 2. g3 c5 3. Bg2 Nc6 4. Nc3 g6 5. e4 d6 6. Nge2 Bg7 7. d3 O-O 8. O-O
Bd7 9. h3 Ne8 10. Be3 Nd4 11. f4 Bc6 12. f5 a6 13. g4 b5 14. Qd2 Rb8 15. Rf2
Nxe2+ 16. Rxe2 Qb6 17. Rc1 Nf6 18. cxb5 axb5 19. e5 b4 20. Nd1 Nd5 21. f6 exf6
22. exd6 Nxe3 23. Qxe3 f5 24. Qf4 Bxg2 25. Kxg2 fxg4 26. hxg4 Rbd8 27. Nf2 Rxd6
28. Ne4 Rxd3 29. Nxc5 Rd4 30. Qf3 Rc8 31. Nd7 Qd8 32. Re7 Qxe7 33. Rxc8+ Bf8 34.
Rxf8+ Kg7 35. Rc8 Qxd7 0-1